000 00297nam a2200109Ia 4500
008 201210s9999 xx 000 0 und d
100 _aBaxter, R. E. ; Phillips, Celia M.
245 0 _aPorts and Inland Waterways / Civil Aviation
260 _aNew York
_bPergamon Press
300 _a302
942 _cBK
999 _c5528
_d5528